| 000 | 00538nam a2200121Ia 4500 | ||
|---|---|---|---|
| 082 |
_aNR:631:546.56 (047) _bKAU |
||
| 245 | 0 | _aImpact of continuous application of copper fungicides on ecosystems of the major rubber growing tracts of Kerala and Tamil Nadu: Final report of collaborative research project of the KAU and RRII funded by the World Bank | |
| 260 |
_aThiruvananthapuram _bKerala Agricultural University _c2000 |
||
| 505 | _aClosed Reference/report | ||
| 650 | _aCopper fungicides | ||
| 650 | _aRubber growing tracts | ||
| 942 | _cREF | ||
| 999 |
_c43908 _d43908 |
||